Zgadnij państwo po jego przywódcy - Statystyki

Ogólne statystyki
  • Ten quiz został rozwiązany 57 razy
  • Średni wynik to 12 z 23
Statystyki odpowiedzi
Przywódca Państwo % Poprawnych
Xi Jinping Chiny
98%
Kim Dzong Un Korea Północna
98%
Andrzej Duda Polska
98%
Władimir Putin Rosja
98%
Wołodymyr Zełenski Ukraina
98%
Emmanuel Macron Francja
95%
Naruhito Japonia
82%
Salman ibn Abd al-Aziz Al Su’ud Arabia Saudyjska
80%
Recep Tayyip Erdogan Turcja
80%
Micheil Kawelaszwili Gruzja
68%
Filip I Belgia
55%
Sergio Matarella Włochy
50%
Wilhelm-Aleksander Holandia
48%
Edgars Rinkēvičs Łotwa
45%
Maia Sandu Mołdawia
23%
Hajsam ibn Tarik Al Sa’id Oman
20%
Draupadi Murmu Indie
18%
Félix Tshisekedi Demokratyczna Republika Konga
16%
Bassirou Diomaye Faye Senegal
16%
Thongloun Sisoulith Laos
11%
Emmerson Mnangagwa Zimbabwe
11%
Daniel Noboa Ekwador
9%
David Adeang Nauru
9%
Nie znaleziono quizów pasujących do podanych kryteriów
Rozkład punktacji
Procent ludzi z każdym wynikiem
Percentyl według liczby udzielonych odpowiedzi
Twoja historia wyników
Nie rozwiązałeś tego quizu